Devinette qui-suis-je sur les animaux sauvages - Statistiques

Statistiques générales
  • Ce quiz a été pris 189 fois
  • Le résultat moyen est 6 sur 7
Statistiques - réponses
Devinettes Réponses % Correct
1/J’ai deux larges oreilles,
2/Un nez très long et souple qui me sert aussi de main,
3/Je suis le plus gros mammifère terrestre,
L'éléphant
97%
1/J’ai un pelage tacheté, 2/Mon petit tombe de 2 mètres quand il naît, 3/J’ai un très long cou, 4/Je suis le mammifère le plus haut, La girafe
93%
1/Je vis dans la savane, 2/Je dors presque toute la journée, 3/J’ai une crinière Le lion
93%
1/J’ai à peine changé depuis l’époque des dinosaures, 2/Tapi dans l’eau, je peux rester plusieurs jours sans manger, 3/On dit que mes larmes sont fausses, 4/Dans une chanson pour enfants, je pars faire la guerre aux éléphants, Le crocodile
88%
1/Je vis dans la savane, 2/J’ai un pelage tacheté, 3/Je suis l’animal terrestre le plus rapide, Le guépard
87%
1/Les égyptiens m’appelaient cheval du Nil, 2/Tel un rocher dans l’eau, je parais bien tranquille, 3/Pourtant je suis l’un des animaux les plus dangereux d’Afrique, L'hippopotame
65%
1/Je suis un animal marin, 2/Je peux être violet, noir ou marron, 3/Je ressemble à une pelote d’épingles, L'oursin
63%
Aucun quiz correspondant
Distribution des résultats
% des personnes avec chaque résultat
Percentile par nombre de réponses
Votre historique - résultats
Vous n’avez pas pris ce quiz